F1 pilote 2023-2024 - Statistiques

Statistiques générales
  • Ce quiz a été pris 1 379 fois
  • Le résultat moyen est 17 sur 20
Statistiques - réponses
Réponse % Correct
Lewis Hamilton
100%
Charles Leclerc
99%
Max Verstappen
99%
Pierre Gasly
98%
Carlos Sainz
97%
Esteban Ocon
97%
Lando Norris
96%
Sergio Pérez
95%
Fernando Alonso
91%
Oscar Piastri
91%
George Russell
90%
Valtteri Bottas
86%
Lance Stroll
85%
Kevin Magnussen
82%
Nico Hülkenberg
82%
Guanyu Zhou
81%
Yuki Tsunoda
81%
Alexander Albon
76%
Logan Sargeant
66%
Nyck de Vries
47%
Aucun quiz correspondant
Distribution des résultats
% des personnes avec chaque résultat
Percentile par nombre de réponses
Votre historique - résultats
Vous n’avez pas pris ce quiz